00655nam a22001817a 450000500170000000800410001702000150005805000220007310000440009524501320013925000110027126000320028230000280031450400320034250400210037465000400039565000380043520220815101536.0180419b2002 mx ||||| |||| 000 0 spa d a970073467604aKGF2921bM37 20021 aMartínez Sánchez, Francisco,eautor13aLa jurisprudencia en materia de inconstitucionalidad de leyes b: su aplicación erga omnes /cFrancisco Martínez Sánchez. a1a ed. aMéxico :bPorrúa,c2002 axxiii, 654 p. ;c23 cm. aBibliografía : p. 631-635 aIncluye índice 72lembaRevisión judicialzMéxico 7aDerecho constitucionalzMéxico